| 000 -LEADER |
| fixed length control field |
01156nam a22003137a 4500 |
| 001 - CONTROL NUMBER |
| control field |
600723 |
| 003 - CONTROL NUMBER IDENTIFIER |
| control field |
OSt |
| 005 - DATE AND TIME OF LATEST TRANSACTION |
| control field |
20210419091427.0 |
| 008 - FIXED-LENGTH DATA ELEMENTS--GENERAL INFORMATION |
| fixed length control field |
910422s1992 iluab b 001 0 eng |
| 010 ## - LIBRARY OF CONGRESS CONTROL NUMBER |
| LC control number |
91061558 |
| 020 ## - INTERNATIONAL STANDARD BOOK NUMBER |
| International Standard Book Number |
0844296775 : |
| Terms of availability |
$15.95 |
| 040 ## - CATALOGING SOURCE |
| Original cataloging agency |
DLC |
| Transcribing agency |
DLC |
| Modifying agency |
DLC |
| 043 ## - GEOGRAPHIC AREA CODE |
| Geographic area code |
e-ur-gs |
| 050 00 - LIBRARY OF CONGRESS CALL NUMBER |
| Classification number |
DK |
| 080 ## - UNIVERSAL DECIMAL CLASSIFICATION NUMBER |
| Universal Decimal Classification number |
94(479.22) |
| Item number |
R-79 |
| 100 1# - MAIN ENTRY--PERSONAL NAME |
| Personal name |
Rosen, Roger. |
| 245 14 - TITLE STATEMENT |
| Title |
The Georgian Republic / |
| Statement of responsibility, etc. |
Roger Rosen ; photography by Jeffrey Jay Foxx. |
| 260 ## - PUBLICATION, DISTRIBUTION, ETC. |
| Place of publication, distribution, etc. |
Lincolnwood, Ill., USA : |
| Name of publisher, distributor, etc. |
Passport Books, |
| Date of publication, distribution, etc. |
1992. |
| 300 ## - PHYSICAL DESCRIPTION |
| Extent |
272 p. : |
| Other physical details |
ill. (some col.), maps (some col.) ; |
| Dimensions |
21 cm. |
| 365 ## - TRADE PRICE |
| Price amount |
15.95 USD |
| 504 ## - BIBLIOGRAPHY, ETC. NOTE |
| Bibliography, etc. note |
Includes bibliographical references (p. 261-262) and index. |
| 650 #0 - SUBJECT ADDED ENTRY--TOPICAL TERM |
| 9 (RLIN) |
240 |
| Topical term or geographic name entry element |
History of Georgia |
| 651 #0 - SUBJECT ADDED ENTRY--GEOGRAPHIC NAME |
| Geographic name |
Georgia (Republic) |
| General subdivision |
Guidebooks. |
| 653 ## - INDEX TERM--UNCONTROLLED |
| Uncontrolled term |
საქართველოს ისტორია |
| -- |
საქართველოს რესპუბლიკა |
| 700 1# - ADDED ENTRY--PERSONAL NAME |
| Personal name |
Foxx, Jeffrey J. |
| Fuller form of name |
(Jeffrey Jay) |
| 906 ## - LOCAL DATA ELEMENT F, LDF (RLIN) |
| a |
7 |
| b |
cbc |
| c |
orignew |
| d |
2 |
| e |
opcn |
| f |
19 |
| g |
y-gencatlg |
| 942 ## - ADDED ENTRY ELEMENTS (KOHA) |
| Source of classification or shelving scheme |
|
| Koha item type |
Books |